<?xml version="1.0" encoding="UTF-8"?>
<record
    xmlns:xsi="http://www.w3.org/2001/XMLSchema-instance"
    xsi:schemaLocation="http://www.loc.gov/MARC21/slim http://www.loc.gov/standards/marcxml/schema/MARC21slim.xsd"
    xmlns="http://www.loc.gov/MARC21/slim">

  <leader>02067nam2a2200277 i 4500</leader>
  <controlfield tag="001">RU\NLR\BIBL_A\010516586</controlfield>
  <controlfield tag="005">20241225192152.0</controlfield>
  <datafield tag="021" ind1=" " ind2=" ">
    <subfield code="a">RU</subfield>
    <subfield code="b">2014-63092</subfield>
    <subfield code="9">3841</subfield>
  </datafield>
  <datafield tag="035" ind1=" " ind2=" ">
    <subfield code="a">(NLR Aleph) 010516586</subfield>
  </datafield>
  <datafield tag="090" ind1=" " ind2=" ">
    <subfield code="a">10197877</subfield>
    <subfield code="c">10197877</subfield>
  </datafield>
  <datafield tag="100" ind1=" " ind2=" ">
    <subfield code="a">20141029d2014    um y0rusy50      ca</subfield>
  </datafield>
  <datafield tag="101" ind1="0" ind2=" ">
    <subfield code="a">rus</subfield>
  </datafield>
  <datafield tag="102" ind1=" " ind2=" ">
    <subfield code="a">RU</subfield>
  </datafield>
  <datafield tag="105" ind1=" " ind2=" ">
    <subfield code="a">y|||g|||000yy</subfield>
  </datafield>
  <datafield tag="200" ind1="1" ind2=" ">
    <subfield code="a">&#x421;&#x43E;&#x44F;</subfield>
    <subfield code="e">&#x438;&#x441;&#x445;&#x43E;&#x434;&#x43D;&#x44B;&#x439; &#x43C;&#x430;&#x442;&#x435;&#x440;&#x438;&#x430;&#x43B; &#x434;&#x43B;&#x44F; &#x441;&#x435;&#x43B;&#x435;&#x43A;&#x446;&#x438;&#x438; &#x432; &#x44E;&#x436;&#x43D;&#x44B;&#x445; &#x440;&#x435;&#x433;&#x438;&#x43E;&#x43D;&#x430;&#x445; &#x420;&#x43E;&#x441;&#x441;&#x438;&#x439;&#x441;&#x43A;&#x43E;&#x439; &#x424;&#x435;&#x434;&#x435;&#x440;&#x430;&#x446;&#x438;&#x438;.</subfield>
    <subfield code="f">&#x420;&#x43E;&#x441;. &#x430;&#x43A;&#x430;&#x434;. &#x441;.&#x445;. &#x43D;&#x430;&#x443;&#x43A;, &#x413;&#x43E;&#x441;. &#x43D;&#x430;&#x443;&#x447;. &#x443;&#x447;&#x440;&#x435;&#x436;&#x434;&#x435;&#x43D;&#x438;&#x435; &#x412;&#x441;&#x435;&#x440;&#x43E;&#x441; &#x41D;&#x418;&#x418; &#x440;&#x430;&#x441;&#x442;&#x435;&#x43D;&#x438;&#x435;&#x432;&#x43E;&#x434;&#x441;&#x442;&#x432;&#x430; &#x438;&#x43C;. &#x41D;.&#x418;. &#x412;&#x430;&#x432;&#x438;&#x43B;&#x43E;&#x432;&#x430;, &#x420;&#x43E;&#x441;. &#x430;&#x43A;&#x430;&#x434;. &#x441;.&#x445;. &#x43D;&#x430;&#x443;&#x43A; (&#x413;&#x41D;&#x423; &#x412;&#x418;&#x420; &#x420;&#x43E;&#x441;&#x441;&#x435;&#x43B;&#x44C;&#x445;&#x43E;&#x437;&#x430;&#x43A;&#x430;&#x434;&#x435;&#x43C;&#x438;&#x438;)</subfield>
    <subfield code="g">[&#x441;&#x43E;&#x441;&#x442;.: &#x43A;.&#x441;.-&#x445;.&#x43D;. &#x410;.&#x418;. &#x411;&#x43E;&#x439;&#x43A;&#x43E; &#x438; &#x434;&#x440;.</subfield>
    <subfield code="g">&#x43F;&#x43E;&#x434; &#x440;&#x435;&#x434;.: &#x434;.&#x431;.&#x43D;. &#x41C;.&#x410;. &#x412;&#x438;&#x448;&#x43D;&#x44F;&#x43A;&#x43E;&#x432;&#x43E;&#x439;]</subfield>
  </datafield>
  <datafield tag="210" ind1=" " ind2=" ">
    <subfield code="a">&#x421;&#x430;&#x43D;&#x43A;&#x442;-&#x41F;&#x435;&#x442;&#x435;&#x440;&#x431;&#x443;&#x440;&#x433;</subfield>
    <subfield code="c">&#x441;&#x435;&#x43A;&#x442;&#x43E;&#x440; &#x440;&#x435;&#x434;&#x430;&#x43A;&#x446;&#x438;&#x43E;&#x43D;&#x43D;&#x43E;-&#x438;&#x437;&#x434;&#x430;&#x442;&#x435;&#x43B;&#x44C;&#x441;&#x43A;&#x43E;&#x439; &#x434;&#x435;&#x44F;&#x442;&#x435;&#x43B;&#x44C;&#x43D;&#x43E;&#x441;&#x442;&#x438; &#x412;&#x418;&#x420;.</subfield>
    <subfield code="d">2014</subfield>
  </datafield>
  <datafield tag="215" ind1=" " ind2=" ">
    <subfield code="a">36, [1] &#x441;.</subfield>
  </datafield>
  <datafield tag="461" ind1=" " ind2="1">
    <subfield code="1">001rc\4746805</subfield>
    <subfield code="1">2001#$a&#x41A;&#x430;&#x442;&#x430;&#x43B;&#x43E;&#x433;-&#x441;&#x43F;&#x440;&#x430;&#x432;&#x43E;&#x447;&#x43D;&#x438;&#x43A; &#x43C;&#x438;&#x440;&#x43E;&#x432;&#x43E;&#x439; &#x43A;&#x43E;&#x43B;&#x43B;&#x435;&#x43A;&#x446;&#x438;&#x438; &#x412;&#x418;&#x420;$v&#x412;&#x44B;&#x43F;. 817</subfield>
    <subfield code="0">rc\4746805</subfield>
    <subfield code="9">9347765</subfield>
    <subfield code="a">&#x412;&#x441;&#x435;&#x440;&#x43E;&#x441;&#x441;&#x438;&#x439;&#x441;&#x43A;&#x438;&#x439; &#x438;&#x43D;&#x441;&#x442;&#x438;&#x442;&#x443;&#x442; &#x433;&#x435;&#x43D;&#x435;&#x442;&#x438;&#x447;&#x435;&#x441;&#x43A;&#x438;&#x445; &#x440;&#x435;&#x441;&#x443;&#x440;&#x441;&#x43E;&#x432; &#x440;&#x430;&#x441;&#x442;&#x435;&#x43D;&#x438;&#x439; &#x438;&#x43C;. &#x41D;. &#x418;. &#x412;&#x430;&#x432;&#x438;&#x43B;&#x43E;&#x432;&#x430; (&#x421;&#x430;&#x43D;&#x43A;&#x442;-&#x41F;&#x435;&#x442;&#x435;&#x440;&#x431;&#x443;&#x440;&#x433;)</subfield>
    <subfield code="c">&#x41B;&#x435;&#x43D;&#x438;&#x43D;&#x433;&#x440;&#x430;&#x434;</subfield>
    <subfield code="d">1961-</subfield>
    <subfield code="f">&#x412;&#x441;&#x435;&#x441;&#x43E;&#x44E;&#x437;. &#x43E;&#x440;&#x434;&#x435;&#x43D;&#x430; &#x41B;&#x435;&#x43D;&#x438;&#x43D;&#x430; &#x430;&#x43A;&#x430;&#x434;. &#x441;.-&#x445;. &#x43D;&#x430;&#x443;&#x43A; &#x438;&#x43C;. &#x412;.&#x418;. &#x41B;&#x435;&#x43D;&#x438;&#x43D;&#x430;. &#x412;&#x441;&#x435;&#x441;&#x43E;&#x44E;&#x437;. &#x43D;&#x430;&#x443;&#x447;.-&#x438;&#x441;&#x441;&#x43B;&#x435;&#x434;. &#x438;&#x43D;-&#x442; &#x440;&#x430;&#x441;&#x442;&#x435;&#x43D;&#x438;&#x435;&#x432;&#x43E;&#x434;&#x441;&#x442;&#x432;&#x430;</subfield>
    <subfield code="n">&#x411;. &#x438;.</subfield>
    <subfield code="o">&#x412;&#x44B;&#x43F;. 1-</subfield>
    <subfield code="t">&#x41A;&#x430;&#x442;&#x430;&#x43B;&#x43E;&#x433;-&#x441;&#x43F;&#x440;&#x430;&#x432;&#x43E;&#x447;&#x43D;&#x438;&#x43A; &#x43C;&#x438;&#x440;&#x43E;&#x432;&#x43E;&#x439; &#x43A;&#x43E;&#x43B;&#x43B;&#x435;&#x43A;&#x446;&#x438;&#x438; &#x412;&#x418;&#x420;</subfield>
    <subfield code="v">&#x412;&#x44B;&#x43F;. 817</subfield>
  </datafield>
  <datafield tag="606" ind1="1" ind2=" ">
    <subfield code="a">&#x421;&#x43E;&#x44F;</subfield>
    <subfield code="j">&#x41A;&#x430;&#x442;&#x430;&#x43B;&#x43E;&#x433;&#x438;</subfield>
    <subfield code="x">&#x421;&#x43E;&#x440;&#x442;&#x430;</subfield>
    <subfield code="x">&#x41A;&#x43E;&#x43B;&#x43B;&#x435;&#x43A;&#x446;&#x438;&#x438;</subfield>
    <subfield code="9">2204226</subfield>
    <subfield code="3">RU\NLR\AUTH\6601558987</subfield>
  </datafield>
  <datafield tag="686" ind1="1" ind2=" ">
    <subfield code="a">&#x41F;213.6-36</subfield>
  </datafield>
  <datafield tag="702" ind1=" " ind2="1">
    <subfield code="a">&#x411;&#x43E;&#x439;&#x43A;&#x43E;</subfield>
    <subfield code="b">&#x410;. &#x41F;.</subfield>
    <subfield code="g">&#x410;&#x43B;&#x435;&#x43A;&#x441;&#x430;&#x43D;&#x434;&#x440; &#x41F;&#x430;&#x432;&#x43B;&#x43E;&#x432;&#x438;&#x447;</subfield>
    <subfield code="4">220</subfield>
  </datafield>
  <datafield tag="702" ind1=" " ind2="1">
    <subfield code="a">&#x412;&#x438;&#x448;&#x43D;&#x44F;&#x43A;&#x43E;&#x432;&#x430;</subfield>
    <subfield code="b">&#x41C;. &#x410;.</subfield>
    <subfield code="g">&#x41C;&#x430;&#x440;&#x433;&#x430;&#x440;&#x438;&#x442;&#x430; &#x410;&#x444;&#x430;&#x43D;&#x430;&#x441;&#x44C;&#x435;&#x432;&#x43D;&#x430;</subfield>
    <subfield code="4">340</subfield>
  </datafield>
  <datafield tag="942" ind1=" " ind2=" ">
    <subfield code="c">BOOK</subfield>
  </datafield>
  <datafield tag="980" ind1=" " ind2=" ">
    <subfield code="a">NBR</subfield>
  </datafield>
</record>
